[Event "Budapest FS03 IM-B"]
[Site "Budapest"]
[Date "1994.??.??"]
[Round "3"]
[White "Vadasz, Laszlo"]
[Black "Kerek, Krisztian"]
[Result "1-0"]
[WhiteElo "2365"]
[BlackElo "2170"]

1.Nf3 Nf6 2.c4 g6 3.g3 Bg7 4.Bg2 O-O 5.O-O d6 6.Nc3 e5 7.d4 Nbd7 8.Qc2 c6
9.Rd1 exd4 10.Nxd4 Nc5 11.Bf4 Nh5 12.Nxc6 bxc6 13.Bxd6 Qb6 14.Bxf8 Bxf8 15.b4 Ne6
16.b5 Bb7 17.Rd7 Nc5 18.Na4 Nxa4 19.Qxa4 Rc8 20.bxc6 Bxc6 21.Bxc6 Qxc6 22.Qxc6 Rxc6
23.Rxa7 Rxc4 24.Rd1 Bc5 25.Ra8+ Kg7 26.Kg2 Nf6 27.Rc8 Rc2 28.Kf3 Rc4 29.a4 g5
30.a5 g4+ 31.Kg2 Ne4 32.Ra1 Rb4 33.a6 Bxf2 34.Re8 Bc5 35.a7 Bxa7 36.Rxa7 Ng5
37.Re5 h6 38.Rf5 Rc4 39.Rf4 Rc2 40.Rxg4 Rxe2+ 41.Kg1 Kf8 42.h4 Nf3+ 43.Kf1 Nh2+
44.Kxe2 Nxg4 45.Kf3 Nf6 46.Kf4 Kg7 47.Kf5 Nh7 48.Ra4 Nf6 49.Rd4 Ng8 50.Rg4+ Kh7
51.Ke5 Kh8 52.h5 Kh7 53.Rf4 Kg7 54.Kd6 Nf6 55.g4 Nh7 56.Ke7 Ng5 57.Rf6 Kg8
58.Rxh6  1-0

[Event "Papp Bela mem"]
[Site "Budapest"]
[Date "1994.??.??"]
[Round "3"]
[White "Fancsy, Imre"]
[Black "Kahn, Evarth"]
[Result "1-0"]
[WhiteElo "2400"]
[BlackElo "2325"]

1.Nf3 Nf6 2.c4 g6 3.g3 Bg7 4.Bg2 O-O 5.d4 d5 6.cxd5 Nxd5 7.O-O Nc6 8.e4 Nb6
9.d5 Na5 10.Qe1 Nac4 11.Nc3 e6 12.b3 Nd6 13.e5 Nxd5 14.Nxd5 exd5 15.exd6 Bxa1
16.dxc7 Qd7 17.Ba3 Bf6 18.Bxf8 Kxf8 19.Qd2 Qxc7 20.Qxd5 Be6 21.Qd2 Qc5 22.Rc1 Qa3
23.Ng5 Bxg5 24.Qxg5 Qxa2 25.Bxb7 Rb8 26.Bd5 Bxd5 27.Qxd5 Kg8 28.Rc7 Rf8 29.h4 a6
30.Ra7 Qe2 31.Qb7 Kg7 32.Rxa6 Rd8 33.Ra1 Rd2 34.Qb6 Rb2 35.Qd4+ Kh6 36.Qf4+ Kg7
37.h5 gxh5 38.Qg5+  1-0

[Event "Budapest FS02 GM"]
[Site "Budapest"]
[Date "1994.??.??"]
[Round "3"]
[White "Fancsy, Imre"]
[Black "Wells, Peter K"]
[Result "1-0"]
[WhiteElo "2400"]
[BlackElo "2490"]

1.Nf3 Nf6 2.c4 g6 3.g3 Bg7 4.Bg2 O-O 5.d4 d6 6.O-O c6 7.Nc3 Qa5 8.h3 Qa6
9.b3 b5 10.Nd2 bxc4 11.Nxc4 Be6 12.Ne3 Nbd7 13.Bb2 Rac8 14.Nc2 Rc7 15.e4 Nb6
16.Kh2 Rb8 17.Rb1 Qc8 18.f4 c5 19.d5 Bd7 20.Qd2 Ne8 21.Rfe1 a5 22.Na3 c4
23.Rec1 Rc5 24.Bf1 cxb3 25.axb3 f5 26.e5 Nc7 27.exd6 exd6 28.Nc4 Nxc4 29.bxc4 Na6
30.Ba3 Nb4 31.Na2 Rc7 32.Nxb4 axb4 33.Bxb4 Rcb7 34.c5 dxc5 35.Ba6 Qf8 36.Bxb7 cxb4
37.Bc6 Bc3 38.Qd3 Bxc6 39.dxc6 Rd8 40.Qc4+ Qf7 41.Qxf7+ Kxf7  1-0

[Event "Budapest FS06 GM"]
[Site "Budapest"]
[Date "1994.??.??"]
[Round "3"]
[White "Loginov, Valery A"]
[Black "Howell, James C"]
[Result "1-0"]
[WhiteElo "2540"]
[BlackElo "2495"]

1.Nf3 Nf6 2.g3 g6 3.c4 Bg7 4.Bg2 O-O 5.d4 c6 6.O-O d5 7.Qb3 Qb6 8.Nc3 Bf5
9.h3 Rd8 10.Bf4 dxc4 11.Qxc4 Nd5 12.Ng5 h6 13.Nxf7 Kxf7 14.e4 Qb4 15.Qxb4 Nxb4
16.exf5 gxf5 17.Rad1 N8a6 18.a3 Nd5 19.Bxd5+ cxd5 20.Nb5 Rac8 21.Rc1 Rxc1
22.Rxc1 Nb8 23.Nxa7 Bxd4 24.Nb5 Bxb2 25.Rc7 Na6 26.Rxb7 Nc5 27.Rb8 Rxb8 28.Bxb8 e5
29.Kf1 e4 30.g4 fxg4 31.hxg4 Kg6 32.Bf4 h5 33.gxh5+ Kxh5 34.Be3 Nb3 35.Bb6 Kg4
36.Ke2 d4 37.a4 e3 38.fxe3 dxe3 39.Kxe3 Kf5 40.Kd3  1-0

[Event "Budapest Spring op"]
[Site "Budapest"]
[Date "1994.??.??"]
[Round "4"]
[White "Loginov, Valery A"]
[Black "Frank, Jozsef"]
[Result "1-0"]
[WhiteElo "2540"]
[BlackElo "2260"]

1.Nf3 Nf6 2.g3 g6 3.c4 Bg7 4.Bg2 O-O 5.O-O c5 6.Nc3 Nc6 7.d4 cxd4 8.Nxd4 a6
9.Nc2 d6 10.b3 Rb8 11.Bd2 Qc7 12.Rc1 b6 13.Nd5 Qd7 14.Be3 Ng4 15.Nxb6 Nxe3
16.Nxd7 Nxd1 17.Nxb8 Nxb8 18.Rfxd1  1-0

[Event "Budapest FS03 IM-B"]
[Site "Budapest"]
[Date "1994.??.??"]
[Round "5"]
[White "Izsak, Gyula"]
[Black "Kerek, Krisztian"]
[Result "1/2-1/2"]
[WhiteElo "2365"]
[BlackElo "2170"]

1.c4 Nf6 2.Nf3 g6 3.g3 Bg7 4.Bg2 O-O 5.d4 d6 6.Nc3 Nbd7 7.O-O e5 8.e4 exd4
9.Nxd4 Re8 10.Re1 Ng4 11.Qxg4 Bxd4 12.Qe2 Ne5 13.Nb5 Bb6 14.Bf4 c6 15.Nc3 Bg4
16.Qf1 Qf6 17.Rac1 g5 18.Be3 Bf3 19.Bxb6 axb6 20.Re3 g4 21.h3 Bxg2 22.Kxg2 gxh3+
23.Kxh3 Qh6+ 24.Kg2 Ng4 25.Ree1 Qh2+ 26.Kf3 Qh5 27.Kg2 Qh2+ 28.Kf3 Qh5 29.Kg2 Qh2+
30.Kf3 Qh5  1/2-1/2

[Event "Papp Bela mem"]
[Site "Budapest"]
[Date "1994.??.??"]
[Round "6"]
[White "Splosnov, Sergei"]
[Black "Francsics, Endre"]
[Result "1-0"]
[WhiteElo "2280"]
[BlackElo "2210"]

1.Nf3 Nf6 2.c4 g6 3.g3 Bg7 4.Bg2 O-O 5.O-O d6 6.d4 c6 7.Nc3 Nbd7 8.e4 e5
9.h3 a6 10.dxe5 dxe5 11.Be3 Qe7 12.Qc2 Ne8 13.Rad1 f5 14.exf5 gxf5 15.Bg5 Qf7
16.Nh4 Nc7 17.Ne2 Ne6 18.Bc1 Qf6 19.Rd6 Rf7 20.Qxf5 Qxf5 21.Nxf5 Rxf5 22.Rxe6 Nb6
23.Rd6 Nxc4 24.Rd8+ Rf8 25.Rfd1 Be6 26.Rxa8 Rxa8 27.b3 Nb6 28.Nc3 Re8 29.Be3 Nc8
30.Ne4 Kf7 31.Ng5+ Kg6 32.Be4+ Bf5 33.Bxf5+ Kxf5 34.Nxh7 e4 35.Ng5 Bf6 36.g4+ Kg6
37.h4 Re5 38.h5+ Kg7 39.Rd7+ Kg8 40.Nh3 Na7 41.Bxa7  1-0

[Event "Budapest Spring op"]
[Site "Budapest"]
[Date "1994.??.??"]
[Round "6"]
[White "Khasin, Alexander"]
[Black "Gladischev, Oleg"]
[Result "1-0"]
[WhiteElo "2460"]
[BlackElo "2240"]

1.Nf3 Nf6 2.g3 g6 3.c4 Bg7 4.Bg2 O-O 5.O-O d6 6.Nc3 e5 7.Rb1 a5 8.d3 c6 9.c5 Re8
10.cxd6 Qxd6 11.Ng5 h6 12.Nge4 Nxe4 13.Nxe4 Qe7 14.Be3 Na6 15.Qd2 f5 16.Nc3 Kh7
17.Na4 Nc7 18.Nb6 Ra6 19.Nxc8 Rxc8 20.Rfc1 Ne6 21.b4 axb4 22.Qxb4 Qxb4 23.Rxb4 Rc7
24.a4 Bf6 25.Rbc4 Rd7 26.Rb1 Be7 27.Kf1 Kg7 28.Bd2 Bc5 29.e3 Rxd3 30.Rxb7+ Kf6
31.Bc3 Nd8 32.Rb3 Rxc3 33.Rbxc3  1-0

[Event "Budapest FS02 GM"]
[Site "Budapest"]
[Date "1994.??.??"]
[Round "7"]
[White "Fancsy, Imre"]
[Black "Grivas, Efstratios"]
[Result "1/2-1/2"]
[WhiteElo "2400"]
[BlackElo "2505"]

1.Nf3 Nf6 2.c4 g6 3.g3 Bg7 4.Bg2 O-O 5.d4 d6 6.Nc3 Nbd7 7.O-O e5 8.e4 h6
9.h3 Nh7 10.Be3 Ng5 11.Nxg5 hxg5 12.Rc1 exd4 13.Bxd4  1/2-1/2

[Event "Budapest Spring op"]
[Site "Budapest"]
[Date "1994.??.??"]
[Round "7"]
[White "Izsak, Gyula"]
[Black "Sziebert, Adam"]
[Result "1-0"]
[WhiteElo "2365"]
[BlackElo "2260"]

1.c4 Nf6 2.Nf3 g6 3.g3 Bg7 4.Bg2 O-O 5.d4 d6 6.Nc3 Nc6 7.O-O a6 8.d5 Na5
9.Nd2 c5 10.Qc2 Rb8 11.a3 Qc7 12.Qd3 b5 13.cxb5 c4 14.Qc2 axb5 15.Na2 e6
16.Nb4 exd5 17.Nxd5 Nxd5 18.Bxd5 Bg4 19.Bf3 Qd7 20.Rb1 d5 21.e3 Bf5 22.e4 Bh3
23.exd5 Bxf1 24.Nxf1 Nb3 25.Be3 Nd4 26.Bxd4 Bxd4 27.Rd1 Be5 28.Nd2 f5 29.Nb1 Rb6
30.Nc3 Qd6 31.Kg2 Qf6 32.Rd2 Bxc3 33.bxc3 Qd6 34.a4 Re8 35.axb5 Rxb5 36.Qa4 Rbb8
37.Qxc4 Rbc8 38.Qd3 Rc5 39.c4 Rec8 40.Qa3 Qd7 41.Be2 Qd6 42.Qe3 R5c7 43.Qd4 Kf7
44.Bf1 Re7 45.Ra2 Qe5 46.Qd2 Qe4+ 47.Kg1 Qe5 48.Ra6 Kg7 49.Rb6 Rd8 50.Rb3 Qe1
51.Qd4+ Qe5 52.Qxe5+ Rxe5 53.Rb7+ Kh6 54.Bd3 Re1+ 55.Kg2 Rd6 56.h4 Rd1 57.Rb3 Kg7
58.Kf3 Kf6 59.Ke2 Ra1 60.Ke3 Ke7 61.Kd4 Rd1 62.c5 Ra6 63.Kc3 Ra7 64.Kc2 Rda1
65.d6+ Kd7 66.Bb5+ Kc8 67.c6 R7a2+ 68.Rb2 Ra5 69.c7 R1a2 70.Bc4 Rxb2+ 71.Kxb2 Rc5
72.Be6+ Kb7 73.Kb3  1-0

[Event "Papp Bela mem"]
[Site "Budapest"]
[Date "1994.??.??"]
[Round "9"]
[White "Fancsy, Imre"]
[Black "Horvath, Peter"]
[Result "0-1"]
[WhiteElo "2400"]
[BlackElo "2395"]

1.c4 Nf6 2.Nf3 g6 3.g3 Bg7 4.Bg2 O-O 5.d4 d6 6.Nc3 Nc6 7.O-O a6 8.h3 Rb8
9.e4 b5 10.e5 dxe5 11.dxe5 Qxd1 12.Rxd1 Nd7 13.e6 fxe6 14.cxb5 axb5 15.Be3 b4
16.Na4 Nde5 17.Ne1 Na5 18.b3 Nd7 19.Rac1 Be5 20.Nc5 Nf6 21.Nf3 Bd6 22.Bh6 Re8
23.Ng5 e5 24.Nce6 Bxe6 25.Nxe6 Rec8 26.Rc2 Kf7 27.Ng5+ Ke8 28.Ne6 Kf7 29.Nc5 Rb5
30.Ne4 Nxe4 31.Bxe4 c5 32.Bd5+ Ke8 33.Be6 Rcb8 34.Rd3 Nc6 35.Rf3 Kd8 36.Be3 Kc7
37.Rf7 Nd8 38.Bc4 Nxf7 39.Bxf7 Ra8 40.Bd5 Ra7 41.Bg8 Rba5 42.Bxh7 Rxa2 43.Bxg6 Rxc2
44.Bxc2 Ra3 45.h4 c4 46.bxc4 Rc3 47.Bg6 e4 48.h5 b3 49.Bxe4 b2 50.Bd4 Rxc4
51.Bxb2 Rxe4 52.Kg2 Rb4 53.Bg7  0-1

[Event "Budapest FS02 IM-B"]
[Site "Budapest"]
[Date "1994.??.??"]
[Round "9"]
[White "Stummer, Anton"]
[Black "Kahn, Evarth"]
[Result "1-0"]
[WhiteElo "2245"]
[BlackElo "2325"]

1.Nf3 Nf6 2.c4 g6 3.g3 Bg7 4.Bg2 O-O 5.O-O d6 6.d4 Nbd7 7.Nc3 e5 8.e4 exd4
9.Nxd4 Re8 10.Re1 Nc5 11.h3 a5 12.Qc2 Ng4 13.Nb3 Ne5 14.Nxc5 dxc5 15.Rd1 Bd7
16.Be3 Qc8 17.Kh2 b6 18.Nd5 Nc6 19.Bg5 Nb4 20.Qd2 Nxd5 21.exd5 Bd4 22.Re1 Qa6
23.Rac1 b5 24.d6 cxd6 25.Bxa8 Rxa8 26.Re7 Be6 27.Re1 bxc4 28.Qf4 Be5 29.Rxe5 dxe5
30.Qf6 Bd5 31.Re8+  1-0

[Event "Budapest FS06 GM"]
[Site "Budapest"]
[Date "1994.??.??"]
[Round "9"]
[White "Loginov, Valery A"]
[Black "Bliumberg, Vladislav"]
[Result "1-0"]
[WhiteElo "2540"]
[BlackElo "2360"]

1.Nf3 Nf6 2.g3 g6 3.c4 Bg7 4.Bg2 O-O 5.d4 c6 6.O-O d5 7.Qb3 dxc4 8.Qxc4 Bf5
9.Nc3 Nbd7 10.a4 a5 11.h3 h6 12.Re1 Nb6 13.Qb3 Be6 14.Qd1 Nfd5 15.e4 Nb4
16.Ne2 Bc4 17.Nc3 Nd3 18.Re3 Nxc1 19.Rxc1 Qd6 20.b3 Be6 21.Ne2 Rad8 22.Rd3 Qb4
23.Nf4 Bc8 24.Rd2 Kh7 25.Bf1 e6 26.h4 Nd7 27.e5 Nb6 28.h5 Nd5 29.Nd3 Qe7
30.Nc5 b6 31.Ne4 Bb7 32.Bd3 Nb4 33.Bb1 c5 34.dxc5 Rxd2 35.Qxd2 bxc5 36.Qe3 Rc8
37.Nd6 Rf8 38.Nh4 Nd5 39.hxg6+ fxg6 40.Nxg6 Nxe3 41.Nxe7+  1-0

[Event "Budapest FS02 GM"]
[Site "Budapest"]
[Date "1994.??.??"]
[Round "9"]
[White "Loginov, Valery A"]
[Black "Grivas, Efstratios"]
[Result "1/2-1/2"]
[WhiteElo "2540"]
[BlackElo "2505"]

1.Nf3 Nf6 2.g3 g6 3.c4 Bg7 4.Bg2 O-O 5.O-O d6 6.d4 Nc6 7.Nc3 Bf5 8.Ne1 Qd7
9.e4 Bh3 10.f3 Bxg2 11.Kxg2 Na5 12.b3 c5 13.Nc2 Ne8 14.Be3 Nc6 15.Qd2 cxd4
16.Nxd4 Nc7 17.Rac1 Rfc8 18.Nxc6 Qxc6 19.Rc2 Qe8 20.Rfc1 Ne6 21.Nd5 b6 22.h4 Rab8
23.h5 Rb7 24.Rh1 f5 25.hxg6 Qxg6 26.Nf4 Nxf4+ 27.Bxf4 e5 28.exf5 Qxf5 29.Be3 Rf7  1/2-1/2

[Event "Budapest FS04 GM"]
[Site "Budapest"]
[Date "1994.??.??"]
[Round "9"]
[White "Loginov, Valery A"]
[Black "Horvath, Csaba"]
[Result "1/2-1/2"]
[WhiteElo "2540"]
[BlackElo "2535"]

1.Nf3 Nf6 2.g3 g6 3.c4 Bg7 4.Bg2 O-O 5.d4 d5 6.cxd5 Nxd5 7.O-O Nb6 8.Nc3 Nc6
9.e3 Re8 10.Ne1 e5 11.d5 Na5 12.e4 c6 13.a4 cxd5 14.exd5 Bf5 15.g4 Bd7 16.Ne4 Nc8
17.Qc2 b5 18.axb5 Bxg4 19.d6 Rb8 20.Bg5 Qb6 21.Qc7 Rb7 22.Nf6+ Bxf6 23.Bxb7 Bxg5
24.Rxa5 Nxd6 25.Qxb6 axb6 26.Ra4 Bd1 27.Ra1 Be2 28.Bc6 Rc8 29.Nf3 Bxf1 30.Kxf1 Bf4
31.h3 Rc7 32.Ra6 Nc8 33.Ne1 Bg5  1/2-1/2

[Event "Budapest FS12 GM"]
[Site "Budapest"]
[Date "1994.??.??"]
[Round "9"]
[White "Feher, Gyula"]
[Black "Vaulin, Alexander"]
[Result "1-0"]
[WhiteElo "2410"]
[BlackElo "2550"]

1.Nf3 Nf6 2.c4 g6 3.g3 Bg7 4.Bg2 O-O 5.O-O d6 6.d4 Nbd7 7.Nc3 e5 8.h3 c6
9.e4 Qa5 10.Be3 exd4 11.Nxd4 Ne5 12.Qe2 Qb4 13.f4 Nxc4 14.a3 Qc5 15.b4 Qh5
16.Qxc4 Bxh3 17.Ra2 Rfe8 18.Bf3 d5 19.Qe2 Bxf1 20.Qxf1 Ng4 21.Qe2 f5 22.Bxg4 Qxg4
23.Qxg4 fxg4 24.e5 a5 25.Rb2 axb4 26.axb4 Ra3 27.Bd2 Bf8 28.Nc2 Raa8 29.Be3 h5
30.Bd4 Be7 31.Kg2 Kf7 32.Nd1 Ke6 33.Bc3 Kd7 34.Nde3 Ra4 35.Kf2 Rea8 36.Ke2 Ra2
37.Rb1 Rf8 38.Kd3 Kc7 39.Nd4 Rfa8 40.f5 gxf5 41.Nexf5 Re8 42.Rh1 h4 43.gxh4 g3
44.Nxg3 Bxb4 45.Bxb4 Rxe5 46.Ngf5 Kb6 47.Bd6 Re8 48.Rb1+ Ka7 49.h5 Ra5 50.h6 Ka6
51.Bb4 Ra2 52.Bc5 Rh2 53.Ra1+  1-0

[Event "Papp Bela mem"]
[Site "Budapest"]
[Date "1994.??.??"]
[Round "9"]
[White "Bako, Viktor"]
[Black "Szirti, Almos"]
[Result "1-0"]
[WhiteElo "2235"]
[BlackElo "2195"]

1.c4 g6 2.Nf3 Bg7 3.g3 Nf6 4.Bg2 O-O 5.O-O c5 6.d3 Nc6 7.Nc3 d6 8.Rb1 Bd7
9.a3 a5 10.Ne1 Qc8 11.Nc2 Bh3 12.b4 Bxg2 13.Kxg2 axb4 14.axb4 b6 15.b5 Nd4
16.e3 Qb7+ 17.f3 Nxc2 18.Qxc2 Ra7 19.e4 Rfa8 20.Bb2 e6 21.Qb3 Nd7 22.Ra1 Rxa1
23.Rxa1 Rxa1 24.Bxa1 Qa8 25.Bb2 Qa5 26.Kf2 Bd4+ 27.Ke2 h5 28.h3 f6 29.Nb1 Bxb2
30.Qxb2 Kf7 31.Qa3 Qxa3 32.Nxa3 g5 33.Nc2 f5 34.exf5 exf5 35.Ne3 Ke6 36.Nd5 g4
37.hxg4 hxg4 38.Ke3 Kf7 39.fxg4 fxg4 40.Kf4 Ne5 41.Nxb6 Nxd3+ 42.Kxg4 Ke6
43.Kg5 Ne5 44.g4 Nf7+ 45.Kh5 Ne5 46.g5 Kf7 47.Kh6 Ng4+ 48.Kh7 Ne5 49.Nd5 Nxc4
50.g6+ Ke6 51.g7 Kxd5 52.g8=Q+ Kd4 53.Qd8 d5 54.b6  1-0

[Event "Budapest FS02 IM-A"]
[Site "Budapest"]
[Date "1994.??.??"]
[Round "11"]
[White "Schneider, Attila"]
[Black "Jurkovic, Ante"]
[Result "1/2-1/2"]
[WhiteElo "2380"]
[BlackElo "2305"]

1.c4 g6 2.g3 Bg7 3.Bg2 Nf6 4.Nf3 O-O 5.O-O d6 6.d4 c6 7.Nc3 Qa5 8.h3 Be6
9.d5 cxd5 10.Nd4 Bd7 11.cxd5 Rc8 12.Nb3 Qa6 13.Be3  1/2-1/2

[Event "Budapest FS11 IM-A"]
[Site "Budapest"]
[Date "1994.??.??"]
[Round "11"]
[White "Shurygin, Sergey"]
[Black "Kuljabin, Vadim"]
[Result "1-0"]
[WhiteElo "2320"]
[BlackElo "2230"]

1.Nf3 Nf6 2.c4 g6 3.g3 Bg7 4.Bg2 O-O 5.O-O d6 6.d4 Nc6 7.Nc3 a6 8.b3 Rb8
9.Bb2 b5 10.cxb5 axb5 11.Rc1 b4 12.Na4 Bd7 13.d5 Na5 14.Nd4 Re8 15.Qc2 Bh6
16.e3 Rc8 17.Qd2 e5 18.Nc6 Bxc6 19.dxc6 Rb8 20.Rfd1 Qc8 21.Qe2 Qe6 22.Qa6 Ra8
23.Qd3 Reb8 24.Rc2 e4 25.Qf1 Bg7 26.Bh3 Qe7 27.Bd4 h5 28.Nb6 Nxc6 29.Bxf6 Qxf6
30.Nd5 Qe5 31.Rxc6 Rxa2 32.Rxc7 Qb2 33.Rb1 Qd2 34.Ne7+ Kh8 35.Nc6 Rba8 36.Qe1 Qc2
37.Rc1 Qb2 38.Nd4 f5 39.R7c2 Bxd4 40.Rxb2 Bxb2 41.Bf1 Bxc1 42.Qxc1 d5 43.Qc6 Kh7
44.Qxd5 Kh6 45.Qb7 Rd8 46.Qxb4 Rdd2 47.Qf8+ Kg5 48.h4+ Kg4 49.Qf6  1-0

[Event "ARG-World"]
[Site "Buenos Aires"]
[Date "1994.??.??"]
[Round "2"]
[White "Casafus, Ruben"]
[Black "Cramling, Pia"]
[Result "1/2-1/2"]
[WhiteElo "2430"]
[BlackElo "2515"]

1.Nf3 Nf6 2.c4 g6 3.g3 Bg7 4.Bg2 O-O 5.O-O d6 6.Nc3 c6 7.d4 Qa5 8.h3 Be6
9.d5 cxd5 10.Nd4 Bd7 11.cxd5 Rc8 12.Be3 Na6 13.Nb3 Qd8 14.Rc1 Be8 15.Bd4 Nd7
16.Bxg7 Kxg7 17.Qd4+ Kg8 18.Ne4 Qb6 19.Qxb6 Nxb6 20.Na5 Rab8 21.a3 Nc7 22.Nc3 Bd7
23.Rfd1 Ne8 24.Na2 Nf6 25.Rxc8+ Rxc8 26.Nc3 Na4 27.Nxa4 Bxa4 28.Rd4 Bb5 29.Rb4 Ba6
30.Bf3 Rc2 31.e4 Nd7 32.Nxb7 Ne5 33.Bg2 Nd3 34.Rb3 Nxf2 35.Na5 Nd3 36.Nc6 Nc5
37.Rc3 Rxb2 38.Nxe7+ Kg7 39.Nc6 Re2 40.Nb4 Bb5 41.Nc6 a6 42.Nd4 Rb2 43.Nxb5 axb5
44.e5 Rb1+ 45.Kh2 Rb3 46.Rc2 Rxa3 47.exd6 Nd7 48.Rc7 Nb6 49.Rc6 Nd7 50.Rc7  1/2-1/2

[Event "ESP-chT"]
[Site "Cala Galdana"]
[Date "1994.??.??"]
[Round "?"]
[White "Illescas Cordoba, Miguel"]
[Black "Cramling, Pia"]
[Result "1/2-1/2"]
[WhiteElo "2590"]
[BlackElo "2515"]

1.Nf3 Nf6 2.c4 g6 3.g3 Bg7 4.Bg2 O-O 5.O-O d6 6.d4 c6 7.Nc3 Qa5 8.h3 Be6
9.Nd2 Qa6 10.d5 cxd5 11.cxd5 Bd7 12.Nb3 Rc8 13.Bd2 Ne8 14.Qb1 Qb6 15.Be3 Qb4
16.Rc1 Bf5 17.Ne4 Na6 18.Rxc8 Rxc8 19.g4 Bxe4 20.Qxe4 Qxe4 21.Bxe4 Nf6 22.Bf3 Nd7
23.Rb1 Rc2 24.Nd4 Rc4 25.Rd1 Nb4 26.b3 Rc8 27.a3 Na2 28.Rd2 Nc3 29.Rc2 Nb6
30.b4 Nd1 31.Rxc8+ Nxc8 32.Nc2 Nxe3 33.Nxe3 b5 34.Nc2 Nb6 35.e3 a6 36.g5 Bb2
37.h4 h6 38.gxh6 Kh7 39.e4 Kxh6 40.Kg2 Kg7 41.Bg4 Kf6 42.f4 e6 43.dxe6 fxe6
44.Be2 e5 45.Kf3 exf4 46.Kxf4 Bc1+ 47.Kf3 Nd7 48.Bf1 Ne5+ 49.Kg3 Ke7 50.Bh3 Kd8
51.Be6 Kc7 52.Bb3 Kb6 53.a4 Bd2 54.Kf2 Nc6 55.axb5 Kxb5 56.Bf7 Ne5 57.Be8+ Kc4
58.b5 axb5 59.Na3+ Kd3 60.Nxb5 Bb4 61.Kg2 Kxe4 62.h5 gxh5 63.Nxd6+ Bxd6 64.Bxh5  1/2-1/2

[Event "Calcutta op2"]
[Site "Calcutta"]
[Date "1994.??.??"]
[Round "?"]
[White "Hasan, Kayes"]
[Black "Lahari, Atanu"]
[Result "0-1"]
[WhiteElo "2210"]
[BlackElo "2190"]

1.Nf3 Nf6 2.g3 g6 3.Bg2 Bg7 4.c4 O-O 5.O-O d6 6.d4 Nbd7 7.Nc3 e5 8.dxe5 dxe5
9.Qc2 c6 10.b3 Qe7 11.e4 Ne8 12.a4 a5 13.Ba3 Nc5 14.b4 axb4 15.Bxb4 Nc7 16.a5 N7a6
17.Ba3 Be6 18.Na4 Rfd8 19.Nd2 Qg5 20.Nf3 Qe7 21.Rfd1 Bg4 22.h3 Bxf3 23.Bxf3 Bf8
24.Kg2 Qc7 25.Nb6 Rab8 26.Rxd8 Rxd8 27.Rd1 Ne6 28.Bxf8 Kxf8 29.Qc1 Rd4 30.Bg4 Qd6
31.Qh6+ Kg8 32.Rxd4 Nxd4 33.Nd7 Nc5 34.Qg5 Nxd7 35.Qd8+ Kg7 36.Bxd7 Ne6 37.Qc8 Nc5
38.Bg4 Qd4 39.Qc7  0-1

[Event "Cannes op"]
[Site "Cannes"]
[Date "1994.??.??"]
[Round "3"]
[White "Anic, Darko"]
[Black "Weindl, Alfred"]
[Result "1-0"]
[WhiteElo "2435"]
[BlackElo "2355"]

1.Nf3 Nf6 2.c4 g6 3.g3 Bg7 4.Bg2 O-O 5.O-O d6 6.d4 c6 7.Nc3 Qa5 8.h3 a6 9.e4 Nfd7
10.Be3 b5 11.Nd2 bxc4 12.Nxc4 Qb4 13.Qe2 a5 14.Rfc1 Ba6 15.b3 Nb6 16.Qd1 Nxc4
17.bxc4 Nd7 18.Rab1 Qxc4 19.Nd5 cxd5 20.Rxc4 Bxc4 21.Rb7 Nf6 22.Qa4 Ba6 23.Rxe7 dxe4
24.Qxa5 Bd3 25.Ra7 Rab8 26.a4 d5 27.Bf4 Rb1+ 28.Kh2 Nh5 29.Bd6 Bxd4 30.Ra8 Bxf2
31.Rxf8+ Kg7 32.Rg8+ Kh6 33.Qd2+  1-0

[Event "Cannes op"]
[Site "Cannes"]
[Date "1994.??.??"]
[Round "7"]
[White "Anic, Darko"]
[Black "Misanovic, Vesna"]
[Result "1/2-1/2"]
[WhiteElo "2435"]
[BlackElo "2340"]

1.Nf3 Nf6 2.c4 g6 3.g3 Bg7 4.Bg2 O-O 5.O-O d6 6.d4 Nc6 7.Nc3 a6 8.h3 Rb8
9.Be3 b5 10.Nd2 Bd7 11.Rc1 Na5 12.cxb5 axb5 13.b4 Nc4 14.Nxc4 bxc4 15.b5 d5
16.Bg5 c6 17.a4 cxb5 18.axb5 Bxb5 19.Bxf6 Bxf6 20.Nxd5 Bg7 21.e3 e5  1/2-1/2

[Event "Capablanca mem-B"]
[Site "?"]
[Date "1994.??.??"]
[Round "1"]
[White "Antunes, Antonio"]
[Black "Martin del Campo, Roberto"]
[Result "0-1"]
[WhiteElo "2465"]
[BlackElo "2460"]

1.Nf3 Nf6 2.c4 g6 3.g3 Bg7 4.Bg2 O-O 5.O-O d6 6.d4 Nc6 7.Nc3 Bg4 8.d5 Na5
9.b3 c5 10.Bb2 a6 11.Nd2 Rb8 12.Qc2 b5 13.Rfe1 e5 14.dxe6 Bxe6 15.cxb5 axb5
16.Rad1 d5 17.Nde4 c4 18.Nxd5 Nxd5 19.Bxg7 Kxg7 20.Qb2+ c3 21.Nxc3 Qf6 22.Bxd5 Rbc8
23.Bxe6 Rxc3 24.Qa3 fxe6 25.Qxa5 Qxf2+ 26.Kh1 Qe3 27.Rd7+ Kg8 28.Qa7 Qe4+
29.Kg1 Qe5 30.e3 Qf6 31.Rd2 e5 32.e4 Rf3 33.Rdd1 h5 34.Qc5 h4 35.gxh4 Qf4
36.Qd5+ Kh8 37.Qd2 Qxh4 38.Qg2 R3f4 39.h3 Rf2 40.Qg4  0-1

[Event "Capablanca mem-B"]
[Site "?"]
[Date "1994.??.??"]
[Round "5"]
[White "Antunes, Antonio"]
[Black "Diaz, Joaquin C"]
[Result "1/2-1/2"]
[WhiteElo "2465"]
[BlackElo "2435"]

1.Nf3 Nf6 2.c4 g6 3.g3 Bg7 4.Bg2 O-O 5.O-O d6 6.d4 c5 7.Nc3 Nc6 8.d5 Na5
9.Nd2 e5 10.Qc2 Nh5 11.e3 f5 12.f4 g5 13.Ne2 h6 14.Rb1 b6 15.b3 Qe8 16.Nf3 e4
17.Nd2 Nf6 18.Bb2 Qh5 19.Rfe1 Bd7 20.a3 Rac8 21.Bc3 Nb7 22.h3 g4 23.h4 Rfe8
24.Rec1 Re7 25.Bf1 Qe8 26.Qb2 Nh5 27.Bxg7 Rxg7 28.Kf2 Qe7 29.b4 Nf6 30.Nc3 Nh7
31.Nb5 Ra8 32.Nb3 Nf8 33.Be2 Ng6 34.Kg2 Nf8 35.Rd1 Bxb5 36.cxb5 Nd7 37.Rbc1 Rg6
38.Rc2 Qd8 39.Rdc1 Rb8 40.Rc4 Rg7 41.Kf2 Rf7 42.Qd2 h5 43.Qc2 Kh7 44.Rc3 Nf6
45.Bc4 Rd7 46.Qd2 Kg6 47.R3c2 Rg7 48.Rd1 Rd7 49.Qc3 Qe7 50.Rcd2 Rbd8 51.Rc2 Rc8
52.Qd2 Qd8 53.Rdc1 Qe7 54.Rc3 Rb8 55.Qa2 Re8 56.Nd2 Rb8 57.Qb2 Ne8 58.R3c2 Qf6
59.Qb3 Qd8 60.Nb1 Ra8 61.Nc3 Nf6 62.Qb1 Qe7 63.Ne2 Qd8 64.Bb3 Qe7 65.Bc4  1/2-1/2

[Event "Cappelle op"]
[Site "Cappelle la Grande"]
[Date "1994.??.??"]
[Round "6"]
[White "Gorbatow, Alexej"]
[Black "Tseshkovsky, Vitaly"]
[Result "0-1"]
[WhiteElo "2415"]
[BlackElo "2515"]

1.Nf3 Nf6 2.c4 g6 3.g3 Bg7 4.Bg2 O-O 5.O-O d6 6.d4 a6 7.Nc3 Nc6 8.h3 Rb8
9.Be3 b5 10.Nd2 Bd7 11.d5 Ne5 12.c5 dxc5 13.Bxc5 b4 14.Na4 Bb5 15.f4 Nc4
16.Nxc4 Bxc4 17.Rc1 Bxd5 18.Bxd5 Nxd5 19.e4 Nb6 20.Nxb6 cxb6 21.Qxd8 Rfxd8
22.Bxe7 Rd3 23.Bxb4 Rxg3+ 24.Kh2 Re3 25.e5 Re2+ 26.Kg3 Rxb2 27.Bd6 Re8 28.Rc7 h6
29.f5 Bxe5+ 30.Bxe5 Rxe5 31.fxg6 Rg5+ 32.Kf4 Rxg6 33.Ke5 Re2+ 34.Kd4 Rd6+
35.Kc3 f6 36.Rg1+ Kf8 37.Rg6 Re3+ 38.Kb2 Rd2+ 39.Kc1 Rf2 40.Kd1 Rxh3 41.Ke1 Rxa2  0-1

[Event "Cappelle op"]
[Site "Cappelle la Grande"]
[Date "1994.??.??"]
[Round "9"]
[White "Sagall, Roy"]
[Black "Dausch, Rene"]
[Result "0-1"]
[WhiteElo "2155"]
[BlackElo "2310"]

1.Nf3 Nf6 2.c4 g6 3.g3 Bg7 4.Bg2 O-O 5.O-O d5 6.cxd5 Nxd5 7.d4 Nc6 8.Nc3 Nb6
9.e3 e5 10.d5 e4 11.dxc6 Qxd1 12.Rxd1 exf3 13.Bxf3 bxc6 14.Ne2 Nc4 15.Nd4 Rd8
16.Nxc6 Rxd1+ 17.Bxd1 Bb7 18.Bf3 Bxc6 19.Bxc6 Rd8 20.Bf3 f5 21.Be2 Na3 22.f3 c5
23.e4 Bd4+ 24.Kh1 Kg7 25.Be3 Bxb2 26.Rd1 Rxd1+ 27.Bxd1 c4 28.Bc5 fxe4 29.fxe4 Kf6
30.Kg2 Ke5 31.Kf3 Nb5 32.a4 Nd4+ 33.Ke3 Bc1+ 34.Kf2 a5 35.Bb6 Kxe4 36.Bxa5 Kd3
37.Bb6 Be3+ 38.Ke1 c3 39.a5 c2 40.Bxc2+ Nxc2+ 41.Kf1 Nb4 42.Kg2 Ke2 43.Kh3 Bd2
44.Kg4 h5+ 45.Kh3 Kf3 46.Bc5 g5 47.Be7 Nd5 48.a6 Be3 49.Bd8 Nb6 50.Be7 Nc8
51.Bd8 Na7 52.Be7 Nc6 53.Bf6 Ke4 54.g4 h4 55.a7 Nxa7 56.Bd8 Nc6 57.Bf6 Kf4
58.Bc3 Ne5 59.Be1 Nxg4 60.Bxh4 Nf2+ 61.Bxf2 Bxf2 62.Kg2 Be3 63.Kh3 Bg1  0-1

[Event "Ceske Budejovice op"]
[Site "Ceske Budejovice"]
[Date "1994.??.??"]
[Round "3"]
[White "Jurka, Miroslav"]
[Black "Sisak, Richard"]
[Result "1/2-1/2"]
[WhiteElo "2335"]
[BlackElo "2185"]

1.Nf3 Nf6 2.c4 g6 3.g3 Bg7 4.Bg2 O-O 5.d4 d6 6.O-O c6 7.Nc3 Nbd7 8.e4 e5
9.b3 exd4 10.Nxd4 Nc5 11.h3 Re8 12.Re1 a5 13.Bf4 Ne6 14.Nxe6 Rxe6 15.Qc2 Qf8
16.Rad1 Nh5 17.Bc1 f5 18.exf5 Rxe1+ 19.Rxe1 Bxf5 20.Qd2 Nf6 21.Ba3 Re8 22.Rxe8 Nxe8
23.Ne4 Bxe4 24.Bxe4 Qe7 25.Bg2 Qe5 26.Kh2 Qc3 27.Qe2 Qe5 28.Qxe5 Bxe5 29.f4 Bc3
30.h4 Kf7 31.Bh3 b5 32.cxb5 cxb5 33.Kg2 b4 34.Bc1 d5 35.f5 Nd6 36.fxg6+ hxg6
37.Kf3  1/2-1/2

[Event "FRA-ch"]
[Site "Chambery"]
[Date "1994.??.??"]
[Round "?"]
[White "Roos, Louis"]
[Black "Vareille, Francois"]
[Result "1/2-1/2"]
[WhiteElo "2440"]
[BlackElo "2430"]

1.c4 Nf6 2.Nf3 g6 3.g3 Bg7 4.Bg2 O-O 5.Nc3 d5 6.cxd5 Nxd5 7.O-O Nc6 8.a3 e5
9.Nxd5 Qxd5 10.d3 Qb5 11.Qc2 a5 12.a4 Qb6 13.Be3 Nd4 14.Nxd4 exd4 15.Bf4 c6
16.Rfb1 Re8 17.b4 axb4 18.Bd6 Bg4 19.Bf1 Qd8 20.Bxb4 Qd7 21.a5 Re5 22.Rb2 Bh3
23.Qd1 Rb5  1/2-1/2

[Event "FRA-ch"]
[Site "Chambery"]
[Date "1994.??.??"]
[Round "?"]
[White "Anic, Darko"]
[Black "Hauchard, Arnaud"]
[Result "1/2-1/2"]
[WhiteElo "2445"]
[BlackElo "2470"]

1.Nf3 Nf6 2.c4 g6 3.g3 Bg7 4.Bg2 O-O 5.O-O c6 6.d4 d5 7.Nbd2 Bf5 8.b3 a5
9.a3 Ne4 10.Bb2 Nd7 11.Nh4 Nxd2 12.Qxd2 Be6 13.cxd5 Bxd5 14.Bxd5 cxd5 15.a4 Qb6
16.Qd3 Rfc8 17.Rfc1 e6 18.Nf3 Bf8 19.Kg2 Rc6 20.h4 Rac8 21.g4 Rxc1 22.Rxc1 Rxc1
23.Bxc1 Bd6 24.Bg5 Qc6 25.h5 Kg7 26.Qe3 Qc2 27.Bh6+ Kg8 28.Ng5 gxh5 29.Qf3 Qg6
30.gxh5 Qf6 31.e4 Bf8 32.Qxf6 Nxf6 33.Bxf8 Kxf8 34.exd5 h6 35.Nh3 Nxd5 36.Kf3 Ke7
37.Nf4 Kd6 38.Nd3 f6 39.Nb2 b6 40.Nc4+ Ke7 41.Ke4 Nc3+  1/2-1/2